Statistics for Google, Why is [US state] so ____? Suggestion Quiz #2

Click here to take the quiz!

General Stats

  • This quiz has been taken 42 times
  • The average score is 11 of 25

Answer Stats

HintAnswer% Correct
Why is Alabama so ____?Poor
74%
Why is West Virginia so ____?Poor
74%
Why is Michigan so ____?Poor
74%
Why is Pennsylvania so ____?Poor
74%
Why is Massachusetts so ____?Rich
72%
Why is Maryland so ____?Rich
72%
Why is Arizona so ____?Hot
69%
Why is Nevada so ____?Dry
59%
Why is Virginia so ____?Racist
54%
Why is Kentucky so ____?Conservative
49%
Why is New Hampshire so ____?Expensive
46%
Why is New Jersey so ____?Expensive
46%
Why is California so ____?Expensive
46%
Why is North Carolina so ____?Cheap
41%
Why is Ohio so ____?Flat
41%
Why is Illinois so ____?Flat
41%
Why is Mississippi so ____?Bad
36%
Why is Washington so ____?Rainy
28%
Why is Arkansas so ____?Humid
23%
Why is Delaware so ____?Windy
21%
Why is South Dakota so ____?Windy
21%
Why is Oklahoma so ____?Windy
21%
Why is Tennessee so ____?Dangerous
18%
Why is Wyoming so ____?Empty
18%
Why is Montana so ____?Empty
18%

Score Distribution

Percentile by Number Answered

Percent of People with Each Score

Your Score History

You have not taken this quiz